Liste des noms de Pokémon ne contenant qu'une seule consonne - Statistiques

Statistiques générales
  • Ce quiz a été pris 37 fois
    19 depuis la dernière actualisation
  • Le résultat moyen est 3 sur 8
Statistiques - réponses
Noms de Pokémon % Correct
Ama-Ama
77%
Abo
62%
Ho-Oh
46%
Lilia
31%
Éoko
23%
M. Mime
23%
Okéoké
23%
Doduo
8%
Aucun quiz correspondant
Distribution des résultats
% des personnes avec chaque résultat
Percentile par nombre de réponses
Votre historique - résultats
Vous n’avez pas pris ce quiz depuis la dernière actualisation